00776ngm a2200217 4500003000400000005001600004007000400020008004100024010002000065024002100085035002000106040001300126082001500139245008400154260002800238300005000266440003300316500014000349538005000489650001900539dpl2009031807427.0DVD||||||sp199 xxu|||||c ||| 00| 0 ng d  aDVD-001818-1820 aVENF 0086c49.00 aDVD-001818-1820 aDPLcDPL aDVD / SHAK aShaker Run :cIndus Video Presentsh[videorecording] DVD/bThe Ultimate Chase / bMoserbaer Entertainment a1 videodisc VCD;bsd., col. ;c4 3/4 in.fVCD aMoserbaer Home Entertainment aMoserbaer India Ltd. has obtained the necessary licence/conssent from the owner of the copyright in the wroks for making this DVD Film. aDolby Digital 5.1 -English Subtitles: English aMotion Picture